<?xml version="1.0" encoding="UTF-8"?>
<record
    xmlns:xsi="http://www.w3.org/2001/XMLSchema-instance"
    xsi:schemaLocation="http://www.loc.gov/MARC21/slim http://www.loc.gov/standards/marcxml/schema/MARC21slim.xsd"
    xmlns="http://www.loc.gov/MARC21/slim">

  <leader>00764cam a2200193 a 4500</leader>
  <controlfield tag="001">000006960</controlfield>
  <controlfield tag="005">20200929154031.0</controlfield>
  <controlfield tag="008">811019s1963    sp a     b    000 0bspa d</controlfield>
  <datafield tag="040" ind1=" " ind2=" ">
    <subfield code="a">DO-SdBNP</subfield>
    <subfield code="b">spa</subfield>
    <subfield code="c">BNPHU</subfield>
  </datafield>
  <datafield tag="082" ind1=" " ind2=" ">
    <subfield code="a">923.246</subfield>
    <subfield code="b">P953X, 1963</subfield>
  </datafield>
  <datafield tag="100" ind1="1" ind2=" ">
    <subfield code="a">Ximenez de Sandoval, Felipe.</subfield>
    <subfield code="9">19335</subfield>
  </datafield>
  <datafield tag="245" ind1="1" ind2="0">
    <subfield code="a">Jose Antonio (biograf&#xED;a apasionada) /</subfield>
    <subfield code="c">Felipe Ximenez de Sandoval ; pr&#xF3;logo Miguel Primo de Rivera y Urquijo.</subfield>
  </datafield>
  <datafield tag="250" ind1=" " ind2=" ">
    <subfield code="a">3a ed.</subfield>
  </datafield>
  <datafield tag="260" ind1=" " ind2=" ">
    <subfield code="a">Madrid :</subfield>
    <subfield code="b">Bull&#xF3;n,</subfield>
    <subfield code="c">1963.</subfield>
  </datafield>
  <datafield tag="300" ind1=" " ind2=" ">
    <subfield code="a">535 p. :</subfield>
    <subfield code="b">il. ;</subfield>
    <subfield code="c">23 cm.</subfield>
  </datafield>
  <datafield tag="600" ind1="2" ind2="0">
    <subfield code="a">PRIMO DE RIVERA Y S&#xC1;ENZ DE HEREDIA, JOS&#xC9; ANTONIO</subfield>
    <subfield code="c">marques de Estella,</subfield>
    <subfield code="d">1903-1936.</subfield>
    <subfield code="9">19336</subfield>
  </datafield>
  <datafield tag="650" ind1=" " ind2="4">
    <subfield code="a">Estad&#xED;stas</subfield>
    <subfield code="z">Espa&#xF1;a</subfield>
    <subfield code="x">Biograf&#xED;a</subfield>
    <subfield code="9">19337</subfield>
  </datafield>
  <datafield tag="700" ind1="1" ind2=" ">
    <subfield code="a">Primo de Rivera y Urquijo, Jos&#xE9; Antonio,</subfield>
    <subfield code="d">1903-1936,</subfield>
    <subfield code="e">pr&#xF3;l.</subfield>
    <subfield code="9">19338</subfield>
  </datafield>
  <datafield tag="952" ind1=" " ind2=" ">
    <subfield code="0">0</subfield>
    <subfield code="1">0</subfield>
    <subfield code="5">2</subfield>
    <subfield code="7">0</subfield>
    <subfield code="8">MO</subfield>
    <subfield code="a">GR</subfield>
    <subfield code="b">GR</subfield>
    <subfield code="c">CT</subfield>
    <subfield code="d">2009-09-03</subfield>
    <subfield code="i">LF1</subfield>
    <subfield code="l">0</subfield>
    <subfield code="o">923.246 P953X, 1963</subfield>
    <subfield code="p">6960-10</subfield>
    <subfield code="r">2020-06-25</subfield>
    <subfield code="w">2020-06-25</subfield>
    <subfield code="y">2</subfield>
    <subfield code="Z">Pr&#xE9;stamo interno</subfield>
  </datafield>
  <datafield tag="999" ind1=" " ind2=" ">
    <subfield code="c">6744</subfield>
    <subfield code="d">6744</subfield>
  </datafield>
</record>
